| 000 | 00692nam a22002297a 4500 | ||
|---|---|---|---|
| 005 | 20170124110103.0 | ||
| 010 | _aA-701493 | ||
| 020 | _c00.00 | ||
| 035 | _aA-701493 | ||
| 037 | _bCen Lib/Ret | ||
| 040 |
_aDPL _bEN |
||
| 082 |
_a954.35 _bBAW |
||
| 100 |
_aBawa, V.K. _927583 |
||
| 245 |
_aLast nizam : _cby V.K. Bawa _blife and times of Mir Osman Ali Khan / |
||
| 260 |
_aNew Delhi _bPenguin books _c1993 |
||
| 270 |
_bNew Delhi _a210, Chiranjiv tower, 43, Nehru nagar place _e110019 |
||
| 300 |
_a403p. _c19cm(Hb) |
||
| 500 | _aIncludes index | ||
| 650 |
_aHistory _zIndia _9436 |
||
| 650 |
_aKing and rulers _zIndia _927584 |
||
| 942 |
_2ddc _cEN _h954.35 _mBAW |
||
| 999 |
_c129853 _d129853 |
||